|
|
|
|
| LEADER |
00000nab a2200000 a 4500 |
| 001 |
vtls000064156 |
| 003 |
SK-MaSNL |
| 005 |
20260305042400.0 |
| 008 |
250423c1980 xo 0 slo |
| 015 |
|
|
|a SNBRB19rr/mm-uuuuu
|
| 035 |
|
|
|a CL0074256
|
| 035 |
|
|
|a urn:nbn:sk:snk-ab2ra8
|
| 035 |
|
|
|a (urnnbn)urn:nbn:sk:snk:ar-a02u4p
|
| 035 |
|
|
|a (uuid)b56f2389-55eb-4e99-99bc-0115a13dd6bd
|
| 040 |
|
|
|a SNKBUCL
|b slo
|c SNKBUCL
|e AACR2
|
| 041 |
0 |
|
|a slo
|
| 044 |
|
|
|a xo
|c SK
|
| 080 |
|
|
|a 624
|2 1981
|
| 080 |
|
|
|a 534
|2 1981
|
| 100 |
1 |
|
|a Trávniček, František,
|d 1930-2006
|4 aut
|9 255558
|
| 245 |
1 |
0 |
|a Priečne kmitanie dosky za predpokladu fyzikálnej nelinearity v oblasti malých deformácií
|c František Trávniček
|
| 300 |
|
|
|b Obr. 5.
|
| 650 |
0 |
7 |
|a stavebníctvo
|2 snkbucl
|9 726
|
| 650 |
0 |
7 |
|a stavebná mechanika
|2 snkbucl
|9 4181
|
| 650 |
0 |
7 |
|a dosky pravouhlé
|2 snkbucl
|9 1180897
|
| 650 |
0 |
7 |
|a kmitanie priečne
|2 snkbucl
|9 1240068
|
| 655 |
|
7 |
|a štúdie
|2 snkbucl
|9 57033
|
| 655 |
|
7 |
|a články z novín a časopisov
|2 snkbucl
|9 267496
|
| 773 |
0 |
|
|t Inženýrské stavby
|g Roč. 28, č. 7 (1980), s. 275-281
|
| 850 |
|
|
|a Slovenská národná knižnica
|
| 852 |
|
|
|a Slovenská národná knižnica
|
| 954 |
|
|
|a odborná, vedecká literatúra pôvodná (slovenská)
|2 lita
|
| 958 |
|
|
|a article2022
|
| 958 |
|
|
|a RK
|
| 958 |
|
|
|a OND
|
| 958 |
|
|
|a EUIPO
|
| 992 |
|
|
|a RBX
|
| 999 |
|
|
|c 3348828
|d 3350758
|